[Event "BEM 02 U18/U16"]
[Site "Salzgitter-Lebenstedt"]
[Date "2002.09.30"]
[Round "6.3"]
[White "Hüttel, Eric"]
[Black "Habekost, Drees"]
[Result "0-1"]
[WhiteElo "1130"]
[BlackElo "1261"]
[PlyCount "164"]
[EventDate "2002.09.28"]

1. e4 c5 2. d4 cxd4 3. Bf4 Nc6 4. Nf3 g6 5. Nxd4 Bg7 6. Nxc6 bxc6 7. Nc3 Qb6 8.
Rb1 Rb8 9. Bxb8 Qxb8 10. Bc4 e6 11. O-O Ne7 12. Qd3 O-O 13. Ba6 d5 14. Bxc8
Qxc8 15. exd5 cxd5 16. Nb5 Qa6 17. Nc3 Qxd3 18. cxd3 Rb8 19. Rfc1 a6 20. g4 Nc6
21. Ne2 Ne5 22. Nf4 Nxg4 23. h3 Ne5 24. Rc2 Bh6 25. d4 Nf3+ 26. Kg2 Nxd4 27.
Rd2 Nb5 28. Kg3 Nc3 29. Re1 Ne4+ 30. Rxe4 dxe4 31. Re2 e5 32. Nd5 f5 33. b3 Bf8
34. Nf6+ Kg7 35. Nd7 Rb7 36. Nxf8 Kxf8 37. Kh4 Rd7 38. a4 Rd3 39. b4 Kg7 40. b5
axb5 41. axb5 h6 42. Re3 Rd6 43. Rb3 Rb6 44. Kg3 Kf6 45. h4 g5 46. h5 Ke6 47.
Kh3 Kd5 48. Kg3 Kc4 49. Rb1 Rxb5 50. Rc1+ Kd5 51. Rd1+ Ke6 52. Ra1 Rb3+ 53. Kg2
Rd3 54. Ra6+ Rd6 55. Ra3 f4 56. f3 e3 57. Kf1 Kf5 58. Ke2 Rd2+ 59. Ke1 Rh2 60.
Ra8 g4 61. Rf8+ Kg5 62. Rg8+ Kxh5 63. Rxg4 Rf2 64. Rg1 Rxf3 65. Rh1+ Kg5 66.
Rg1+ Rg3 67. Rf1 h5 68. Ke2 h4 69. Rd1 h3 70. Rd5 Kf5 71. Rd8 Ke4 72. Rh8 f3+
73. Kf1 e2+ 74. Kf2 e1=Q+ 75. Kxe1 Ke3 76. Kf1 f2 77. Rxh3 Rxh3 78. Kg2 Rf3 79.
Kh2 Ke2 80. Kg2 f1=Q+ 81. Kh2 Qf2+ 82. Kh1 Rh3# 0-1

[Event "BEM 02 U18/U16"]
[Site "Salzgitter-Lebenstedt"]
[Date "2002.09.30"]
[Round "6.4"]
[White "Alker, Dennis"]
[Black "Tomanek, Christian"]
[Result "1/2-1/2"]
[WhiteElo "1139"]
[BlackElo "948"]
[PlyCount "67"]
[EventDate "2002.09.28"]

1. e4 e5 2. Nf3 Nc6 3. d4 exd4 4. Nxd4 Bc5 5. Be3 Nge7 6. Bc4 d6 7. Nc3 Bd7 8.
O-O Ne5 9. Bb3 O-O 10. f4 Ng4 11. Qf3 Nxe3 12. Qxe3 Bc6 13. Rad1 d5 14. e5 Nf5
15. Qf2 Bxd4 16. Rxd4 Nxd4 17. Qxd4 Qd7 18. Rd1 Rad8 19. Qxa7 Qg4 20. Qe3 d4
21. Qe2 Bf3 22. Qf1 Bxd1 23. Nxd1 Rd7 24. h3 Qf5 25. Qf3 b6 26. g4 Qg6 27. h4
h5 28. g5 Qf5 29. Nf2 Kh8 30. Bc4 g6 31. Bd3 Qe6 32. f5 Qe7 33. Qe4 Rg8 34. Bc4
1/2-1/2

[Event "BEM 02 U18/U16"]
[Site "Salzgitter-Lebenstedt"]
[Date "2002.09.30"]
[Round "6.5"]
[White "Rummel, Florian"]
[Black "Bazan, Jan-Lennart"]
[Result "1/2-1/2"]
[WhiteElo "1082"]
[BlackElo "1134"]
[PlyCount "73"]
[EventDate "2002.09.28"]

1. d4 d5 2. c4 e6 3. Nc3 Nf6 4. Nf3 Bb4 5. Bd2 Nc6 6. e3 O-O 7. Bd3 Bxc3 8.
Bxc3 Ne4 9. O-O Nxc3 10. bxc3 Re8 11. Ne5 Nxe5 12. dxe5 dxc4 13. Bxc4 Qxd1 14.
Raxd1 b6 15. Bb3 Ba6 16. Rfe1 Red8 17. Rxd8+ Rxd8 18. Rd1 Rxd1+ 19. Bxd1 Bc4
20. a3 Kf8 21. g3 f6 22. f4 fxe5 23. fxe5 h6 24. g4 c5 25. h4 g5 26. h5 Kf7 27.
e4 a5 28. Bf3 Ke7 29. Kf2 b5 30. Ke1 Kd7 31. Kd2 Kc6 32. Kc2 b4 33. Kb2 bxa3+
34. Kxa3 Bb5 35. Bd1 Bd3 36. Bf3 Kb6 37. Bg2 1/2-1/2

[Event "BEM 02 U18/U16"]
[Site "Salzgitter-Lebenstedt"]
[Date "2002.10.01"]
[Round "7.1"]
[White "Schröder, Janet"]
[Black "Jakobeit, David"]
[Result "1/2-1/2"]
[WhiteElo "1289"]
[BlackElo "1807"]
[PlyCount "28"]
[EventDate "2002.09.28"]

1. d4 Nf6 2. Nf3 g6 3. g3 Bg7 4. Bg2 O-O 5. O-O d6 6. Nc3 Nbd7 7. e4 e5 8. dxe5
dxe5 9. Bg5 h6 10. Be3 Ng4 11. Bd2 c6 12. Qc1 Kh7 13. Rd1 Qb6 14. Rf1 Re8
1/2-1/2

[Event "BEM 02 U18/U16"]
[Site "Salzgitter-Lebenstedt"]
[Date "2002.10.01"]
[Round "7.2"]
[White "Bazan, Jan-Lennart"]
[Black "Barrmeyer, Konstantin"]
[Result "1/2-1/2"]
[WhiteElo "1134"]
[BlackElo "1569"]
[PlyCount "38"]
[EventDate "2002.09.28"]

1. d4 Nf6 2. c4 g6 3. Nc3 Bg7 4. Nf3 d6 5. Bg5 h6 6. Bxf6 Bxf6 7. e3 O-O 8. Bd3
Nd7 9. O-O Re8 10. Nd5 Bg7 11. Nc3 e5 12. dxe5 Nxe5 13. Nxe5 Bxe5 14. Qf3 c6
15. Rad1 Qc7 16. e4 Be6 17. Rfe1 Rad8 18. Be2 Rd7 19. Qe3 Kh7 1/2-1/2

[Event "BEM 02 U18/U16"]
[Site "Salzgitter-Lebenstedt"]
[Date "2002.10.01"]
[Round "7.3"]
[White "Tomanek, Christian"]
[Black "Habekost, Drees"]
[Result "0-1"]
[WhiteElo "948"]
[BlackElo "1261"]
[PlyCount "66"]
[EventDate "2002.09.28"]

1. e4 c5 2. Bc4 e6 3. Nc3 g6 4. Nf3 Bg7 5. O-O Ne7 6. e5 Nbc6 7. Re1 d5 8. exd6
Qxd6 9. Ne4 Qc7 10. Nxc5 Na5 11. d4 Nxc4 12. c3 O-O 13. Qd3 Nd6 14. Bf4 b6 15.
Nb3 Qc4 16. Qd2 Nef5 17. g4 Bb7 18. gxf5 Nxf5 19. Ne5 Bxe5 20. Rxe5 Qc6 21. d5
exd5 22. Rxf5 d4 23. Kf1 Qg2+ 24. Ke2 Qe4+ 25. Kd1 Qxf5 26. Nxd4 Qg4+ 27. Kc2
Rfe8 28. Bh6 Re7 29. b3 Rd8 30. Qd3 Be4 31. Qxe4 Qxe4+ 32. Kb2 Rxd4 33. f3 Qh4
0-1

[Event "BEM 02 U18/U16"]
[Site "Salzgitter-Lebenstedt"]
[Date "2002.10.01"]
[Round "7.4"]
[White "Köhn, Christoph"]
[Black "Alker, Dennis"]
[Result "0-1"]
[WhiteElo "1226"]
[BlackElo "1139"]
[PlyCount "42"]
[EventDate "2002.09.28"]

1. Nf3 d6 2. c4 e5 3. d3 f5 4. e4 Nf6 5. Bg5 Nc6 6. Nc3 h6 7. Bxf6 Qxf6 8. Nd5
Qd8 9. Be2 Ne7 10. Nd2 c6 11. Nxe7 Bxe7 12. Bh5+ Kf8 13. O-O Rg8 14. Bg6 Bg5
15. Bh7 Rh8 16. Bxf5 Bxf5 17. exf5 Qf6 18. g4 Bf4 19. Nf3 h5 20. h3 hxg4 21.
hxg4 Qh6 0-1

[Event "BEM 02 U18/U16"]
[Site "Salzgitter-Lebenstedt"]
[Date "2002.10.01"]
[Round "7.5"]
[White "Hüttel, Eric"]
[Black "Rummel, Florian"]
[Result "1/2-1/2"]
[WhiteElo "1130"]
[BlackElo "1082"]
[PlyCount "101"]
[EventDate "2002.09.28"]

1. e4 e5 2. Nf3 Nc6 3. Bb5 d6 4. d4 Bd7 5. Bxc6 Bxc6 6. Nc3 Nf6 7. d5 Bd7 8.
Qd3 Be7 9. Bd2 O-O 10. O-O-O a6 11. Kb1 Qb8 12. Rhe1 Qa7 13. Be3 b6 14. Nh4 Ng4
15. Nf5 Nxe3 16. Nxe7+ Kh8 17. Rxe3 Bb5 18. Nxb5 axb5 19. a3 b4 20. Nc6 Qa6 21.
Nxb4 Qxd3 22. Rdxd3 f5 23. exf5 Rxf5 24. Rf3 Raf8 25. Rxf5 Rxf5 26. Rf3 Rxf3
27. gxf3 Kg8 28. Nc6 Kf7 29. Nd8+ Ke7 30. Ne6 Kf6 31. Nxc7 Kf5 32. Ne8 g5 33.
Nxd6+ Kf4 34. Nf7 Kxf3 35. Nxe5+ Kxf2 36. Nf7 g4 37. Ne5 h5 38. Nd3+ Kg2 39.
Nf4+ Kxh2 40. Nxh5 Kh3 41. Nf4+ Kh4 42. d6 g3 43. d7 Kg4 44. Ng2 Kf3 45. Nh4+
Kf2 46. d8=Q g2 47. Nxg2 Kxg2 48. Qxb6 Kf3 49. Qd4 Kg2 50. Qe3 Kh1 51. Qf2
1/2-1/2